Statistics for Simpsons Characters Quiz

Click here to take the quiz!

General Stats

  • This quiz has been taken 126,050 times
  • The average score is 41 of 181

Answer Stats

DescriptionCharacter% Correct
Bart
99%
Homer
99%
Lisa
98%
Marge
98%
Maggie
96%
Grampa Simpson
85%
Power Plant OwnerMr. Burns
83%
Owner of Moe's TavernMoe Szyslak
75%
Principal Skinner
74%
Burn's AssistantWaylon Smithers
74%
Bart's Best FriendMilhouse
73%
Homer's NeighborNed Flanders
73%
Carl
72%
Marge's SisterSelma
72%
Lenny
71%
Krusty the Clown
70%
Family DogSanta's Little Helper
69%
Marge's SisterPatty
68%
BullyNelson Muntz
67%
Town DrunkBarney Gumble
65%
Ralph Wiggum
64%
Kwik-E-Mart OwnerApu
63%
Police ChiefChief Wiggum
61%
Sideshow Bob
59%
Bart's TeacherMrs. Krabappel
57%
Simpsons Family CatSnowball 2
56%
Flanders KidTodd
56%
Flanders KidRod
55%
Groundskeeper Willie
51%
News AnchorKent Brockman
51%
Psychotic Cartoon MouseItchy
49%
Cartoon CatScratchy
48%
Flanders' WifeMaude Flanders
46%
Sideshow Mel
45%
-Comic Book Guy
44%
Reverend Lovejoy
43%
Superintendent
Chalmers
43%
NerdMartin Prince
41%
Duff MascotDuffman
38%
BullyJimbo Jones
38%
Police OfficerLou
37%
Dr. Hibbert
36%
Mayor Quimby
36%
Lisa's TeacherMs. Hoover
35%
BusdriverOtto Mann
34%
ActorTroy McClure
34%
Dr. Nick Riviera
32%
Lisa's ClassmateTerri
32%
Bumblebee Man
31%
Lisa's ClassmateSherri
31%
Mob UnderbossFat Tony
29%
Hans Moleman
28%
Reverend Lovejoy's WifeHelen Lovejoy
28%
BullyKearney
28%
CriminalSnake
27%
Homer's MomMona Simpson
25%
Homer's Half Brother - Car Company OwnerHerbert Powell
24%
Principal Skinner's MomAgnes Skinner
22%
Slack Jawed YokelCletus
22%
Comic Book CharacterRadioactive Man
22%
Disco Stu
21%
Police OfficerEddie
21%
Homer's EnemyFrank Grimes
21%
Nerdy ProfessorJohn Frink
21%
Apu's WifeManjula
21%
Itchy & Scratchy DogPoochie
21%
McBain StarRainier Wolfcastle
21%
Jazz MusicianBleeding Gums
Murphy
20%
Milhouse's DadKirk Van Houten
20%
BullyDolph
19%
Incompetent LawyerLionel Hutz
19%
Chief Wiggum's WifeSarah Wiggum
18%
Springfield Retirement Castle residentJasper Beardly
17%
Milhouse's MomLuann Van Houten
17%
Lunchlady Doris
17%
Crazy Cat Lady
16%
Loser SalesmanGil
16%
AlienKang
16%
Bart's ElephantStampy
16%
Helicopter ReporterArnie Pye
15%
Sea CaptainCapt. McCallister
14%
Marge's MomJacqueline Bouvier
14%
Lisa's FriendJaney Powell
14%
AlienKodos
14%
Three Eyed FishBlinky
13%
Almost ruins Homer's marriageMindy Simmons
13%
Krusty the Clown's MonkeyMr. Teeny
13%
German Exchange StudentÜter
13%
Bart's ClassmateWendell Borton
13%
Marge's Prom DateArtie Ziff
12%
Italian Restaurant OwnerLuigi
12%
Cletus' WifeBrandine Spuckler
11%
Real Estate AgentCookie Kwan
11%
Radioactive Man's SidekickFallout Boy
11%
McBain
11%
KBBL Radio HostBill
10%
PsychotherapistDr. Marvin Monroe
10%
Military Antiques Store OwnerHerman
10%
Springfield Town FounderJebediah Springfield
10%
Wild Reverend's DaughterJessica Lovejoy
10%
Fat Tony's HenchmanLegs
10%
Lewis
10%
Apu's BrotherSanjay
10%
Dr. Hibbert's WifeBernice Hibbert
9%
Criminal MastermindHank Scorpio
9%
BarflyLarry
9%
Squeaky Voiced
Teen
9%
Unibrow Baby - Maggie's RivalBaby Gerald
8%
Boobarella
8%
Charlie
8%
NerdDatabase
8%
BoxerDrederick Tatum
8%
Patty & Selma's Pet IguanaJub-Jub
8%
Fat Tony's HenchmanLouie
8%
Country SingerLurleen Lumpkin
8%
Waiter / Karate InstructorAkira
7%
Blue Haired Lawyer
7%
MascotCapital City Goofball
7%
Sideshow Bob's BrotherCecil Terwilliger
7%
Music TeacherDewey Largo
7%
Mob AssociateJohnny Tightlips
7%
KBBL Radio HostMarty
7%
GovernorMary Bailey
7%
Old Jewish Man
7%
Rich Texan
7%
NeighborRuth Powers
7%
Corporate ExecutiveLindsey Naegle
6%
Nelson's MomMrs. Muntz
6%
Krusty's FatherRabbi Hyman
Krustofski
6%
BarflySam
6%
Lisa's RivalAllison Taylor
5%
PuppetGabbo
5%
Springfield U. NerdGary
5%
Happy Little Elves
5%
Judge Roy Snyder
5%
Quimby's WifeMartha Quimby
5%
Bart's ClassmateRichard
5%
President of Itchy & Scratchy StudiosRoger Meyers Jr.
5%
Homer's Vegas WifeAmber Simpson
4%
State ComptrollerAtkins
4%
Springfield U. NerdBenjamin
4%
Radio Talk Show HostBirch Barlow
4%
DaredevilCaptain Lance
Murdock
4%
American Gladiator / Milhouse's Mom's BoyfriendChase
4%
Springfield U. NerdDoug
4%
Mafia InformantFrankie the Squealer
4%
Mayor Quimby's NephewFreddie Quimby
4%
Marge's AuntGladys Bouvier
4%
Lion TamerGunter
4%
Bowling InstructorJacques
4%
Bart's First CrushLaura Powers
4%
Superintendent Chalmers' Angry AssistantLeopold
4%
Monorail SalesmanLyle Lanley
4%
Helper MonkeyMojo
4%
Department Store OwnerMr. Costington
4%
Elderly WomanMrs. Glick
4%
Sunday School TeacherMs. Albright
4%
Belly DancerPrincess Kashmir
4%
Prohibition EnforcerRex Banner
4%
News Co-AnchorScott Christian
4%
Little Miss SpringfieldAmber Dempsey
3%
Shelbyville Power Plant ownerAristotle Amadopolis
3%
School PsychologistDr. J. Loren Pryor
3%
Lion TamerErnst
3%
Flanders' Vegas WifeGinger Flanders
3%
Krusty's AssistantLois Pennycandy
3%
Japanese Detergent MascotMr. Sparkle
3%
Old Barber
3%
OrphanPatches
3%
OrphanPoor Violet
3%
Wiseguy
3%
Gabbo's VentriloquistArthur Crandell
2%
Troy McClure's AssistantBilly
2%
Creator of ItchyChester Lampwick
2%
RV SalesmanCowboy Bob
2%
Springfield Shopper ReporterDave Shutton
2%
McGarnagle
2%
Cat BurglarMolloy
2%
Has a Leg for an Arm, and an Arm for a LegMr. McGreg
2%
Homer's PrincipalPrincipal Dondelinger
2%
Owner of Laramie CigarettesJack Larson
1%

Score Distribution

Percentile by Number Answered

Percent of People with Each Score

Your Score History

You have not taken this quiz